000 01411nas a2200313 i 4500
001 172599
003 ES-MaACL
005 20240428063051.0
008 090724c1926 sp a| | 1 ||pa d
080 _a342.5(460.18-89)"09/11"
080 _a94(460.18-89)"09/11"
100 1 _aPuyol y Alonso, Julio,
_d1865-1937
_994454
245 1 0 _aOrígenes del Reino de León y de sus instituciones políticas /
_cpor Julio Puyol.
260 _aMadrid :
_b[s. n.],
_c1926 (
_fImp. Viuda e Hijos de Jaime Ratés Martín)
300 _aXVI, 551 p. ;
_c26 cm.
490 1 _aMemorias de la Real Academia de Ciencias Morales y Políticas ;
_v12
500 _aApéndices.
504 _aReferencias bibliográficas.
530 _aDisponible en formato digital.
594 _aPrecede al tít.: Real Academia de Ciencias Morales y Políticas.
650 4 _aInstituciones políticas-
_zLeón (Reino)
_9143454
651 4 _aLeón (Reino)-
_xHistoria.
_98916
710 2 _aReal Academia de Ciencias Morales y Políticas (España)
_9222050
830 1 _aMemorias de la Real Academia de Ciencias Morales y Políticas
_v12
_9223379
852 4 _aES-MaACL
_jK-182
856 4 _uhttp://bdh-rd.bne.es/viewer.vm?id=0000227392&page=1
_zBiblioteca Digital Hispánica
856 4 _uhttps://bibliotecadigital.jcyl.es/es/consulta/registro.do?id=2929
_zBiblioteca Digital de Castilla y León
999 _c172599
_d172599